000 01521aam a2200373 i 4500
001 768714001
003 CO-MdFUSB
005 20250714125248.0
007 ta
008 231023t2008 spa||||g |||| 00| 0 spa d
020 _a9788496834804
040 _aCO-MdFUSB
_bspa
_cCO-MdFUSB
_dCO-MdFUSBC
_erda
041 _aspa
_hita
082 _223
_a853.8
_bN682
100 _aNievo, Ippolito,
_eautor
240 _aLe Confessioni Di Un Italiano
245 4 _aLas confesiones de un Italiano
_c/ Ippolito Nievo ; traducido por José Ramón Monreal
250 _aPrimera edición
264 1 _aBarcelona, España :
_bAcantilado,
_c[2008]
264 4 _c©2008
300 _a1100 páginas
_c; 22 cm
336 _2rdacontent
_atexto
_btxt
337 _2rdamedia
_asin mediación
_bn
338 _2rdacarrier
_avolumen
_bnc
490 _aNarrativa
520 _aAl final de su vida, el noble veneciano Carlo Altoviti emprende la redacción de sus memorias. Su relato entrelaza su propia existencia con la historia de Italia desde finales del siglo XVIII hasta 1855, en los albores de la unificación. Novela de formación con elementos picarescos, románticos y folletinescos, publicada póstumamente en 1867, es considerada una de las grandes obras de la literatura europea.
563 _aPasta dura.
650 7 _2embne
_92491
_aLiteratura italiana
653 _aNovela histórica Italiana
653 _aSiglo XIX
700 _95188
_aMonreal, José Ramón,
_etraductor
942 _cBK
945 _asor1564
999 _c69190
_d69190